| 000 | 00556 a2200145 4500 | ||
|---|---|---|---|
| 040 | _a0 | ||
| 082 | _aPGDIT-2 | ||
| 100 |
_aAhmad Hussain Naseem. _9105974 |
||
| 245 |
_aAutomation of NIIT inventory management system _cAhmad Hussain Naseem. |
||
| 260 |
_aIslamabad : _bNUST School of Electrical Engineering & Computer Science, _c2002. |
||
| 300 |
_a77 p. : _bill. ; _c27 cm. + _eCD-ROM. |
||
| 500 | _aSupervisors : Wg. Cdr. (R) Nasir Mahmood, Mr. Nadeem Ahmad. | ||
| 856 | _uhttp://10.250.8.41:8080/xmlui/handle/123456789/31854 | ||
| 942 |
_cPR _kPGDIT-2 AHM _2ddc |
||
| 999 |
_c9265 _d9265 |
||